Litle Town on the Prairie / Laura Ingalls Wilder, il. Garbt Williams (Registro nro. 47539)
[ vista simple ]
| 000 -LÍDER | |
|---|---|
| Campo fijo de descripción fija | 003310000a22001210004500 |
| 020 ## - NÚMERO INTERNACIONAL NORMALIZADO PARA LIBROS | |
| Número Internacional Normalizado del libro | 0-590-40497-0 |
| 001 - NÚMERO DE CONTROL | |
| Campo de control | 294 |
| 100 1# - ASIENTO PRINCIPAL--NOMBRE PERSONAL | |
| Nombre personal | Wilder, Laura Ingalls |
| 245 10 - TÍTULO | |
| Título del Material | Litle Town on the Prairie / Laura Ingalls Wilder, il. Garbt Williams |
| 260 ## - PUBLICACIÓN, DISTRIBUCIÓN, ETC. (PIE DE IMPRENTA) | |
| Lugar de publicación, distribución, etc. | New Yor: Scholastic |
| 300 ## - DESCRIPCIÓN FÍSICA | |
| Extensión | 304 P. |
| 500 ## - NOTA GENERAL | |
| Nota General | Novela Juvenil clásica. Tomo 7 |
No hay ítems disponibles.
